BIOCHEMISTRY FOR B. SC. NURSING STUDENTS (Record no. 1905)
[ view plain ]
| 000 -LEADER | |
|---|---|
| fixed length control field | 00331nam a2200133Ia 4500 |
| 008 - FIXED-LENGTH DATA ELEMENTS--GENERAL INFORMATION | |
| fixed length control field | 150201s2006 xx 000 0 und d |
| 082 ## - DEWEY DECIMAL CLASSIFICATION NUMBER | |
| Classification number | 612.015 |
| Item number | B06H |
| 100 ## - MAIN ENTRY--PERSONAL NAME | |
| Personal name | HARBANS LAL |
| 245 ## - TITLE STATEMENT | |
| Title | BIOCHEMISTRY FOR B. SC. NURSING STUDENTS |
| 260 ## - PUBLICATION, DISTRIBUTION, ETC. (IMPRINT) | |
| Name of publisher, distributor, etc. | CBS |
| Place of publication, distribution, etc. | DELHI |
| Date of publication, distribution, etc. | 2006 |
| 300 ## - PHYSICAL DESCRIPTION | |
| Extent | 267 |
| 650 ## - SUBJECT ADDED ENTRY--TOPICAL TERM | |
| Topical term or geographic name as entry element | BIOCHEMISTRY |
| 942 ## - ADDED ENTRY ELEMENTS (KOHA) | |
| Source of classification or shelving scheme | Dewey Decimal Classification |
| Koha item type | Books |
| Koha issues (borrowed), all copies | 58 |
| Withdrawn status | Lost status | Source of classification or shelving scheme | Damaged status | Not for loan | Collection code | Home library | Current library | Shelving location | Date acquired | Source of acquisition | Cost, normal purchase price | SGTU | Total Checkouts | Full call number | Barcode | Date last seen | Date last checked out | Bill Date | Koha item type | Total Renewals |
|---|---|---|---|---|---|---|---|---|---|---|---|---|---|---|---|---|---|---|---|---|
| Dewey Decimal Classification | NURSING | SGT Medical Library | SGT Medical Library | Text Book | 09/02/2015 | UBS DELHI | 272.00 | SGTU | 42 | 612.015 B06H | FN307 | 16/06/2025 | 10/06/2025 | 09/02/2015 | Books | |||||
| Dewey Decimal Classification | NURSING | SGT Medical Library | SGT Medical Library | Text Book | 09/02/2015 | UBS DELHI | 272.00 | SGTU | 33 | 612.015 B06H | FN308 | 03/06/2026 | 19/05/2026 | 09/02/2015 | Books | 2 | ||||
| Dewey Decimal Classification | NURSING | SGT Medical Library | SGT Medical Library | Text Book | 09/02/2015 | UBS DELHI | 272.00 | SGTU | 37 | 612.015 B06H | FN309 | 04/04/2026 | 14/03/2026 | 09/02/2015 | Books | 1 | ||||
| Dewey Decimal Classification | NURSING | SGT Medical Library | SGT Medical Library | Text Book | 09/02/2015 | UBS DELHI | 272.00 | SGTU | 40 | 612.015 B06H | FN310 | 28/03/2026 | 14/03/2026 | 09/02/2015 | Books |